00768 a2200181 450000500170000002000180001708200250003510000180006024500400007825000120011826000460013030000660017670000180024294200130026099900150027395201490028895201490043720250604165645.0 a0-471-31614-8 aTEA LECT 620.112 BOR aBORESI, A. P. aElasticity In Engineering Mechanics a2nd Ed. aNew York,bJohn Wiley & Sons, Inc,c2000. axviii, 615p.: ill.; figure, table.bIndex, references.c25cm. aCHONG, K. P.. 2ddccBKS c3161d3161 r2025-06-04 16:58:47l0oTEA LECT 620.112 BORp00000011080v894900.00w2025-06-04yBKS102ddc407000aCBEMLbCBEMLcGENd2005-04-22g298300.00 r2025-06-04 16:58:47l0oTEA LECT 620.112 BORp00000011081v894900.00w2025-06-04yBKS102ddc407000aCBEMLbCBEMLcGENd2005-04-22g298300.00